Which Country is Bigger? - Statistics

General Stats
  • This quiz has been taken 420 times
  • The average score is 13 of 20
Answer Stats
Question Answer % Correct
Which is Bigger? Iran
86%
Which is Bigger? Switzerland
81%
Which is Bigger? Ukraine
81%
Which is Bigger? Argentina
76%
Which is Bigger? Australia
76%
Which is Bigger? Chad
76%
Which is Bigger? Japan
76%
Which is Bigger? Romania
76%
Which is Bigger? Ireland
71%
Which is Bigger? Syria
71%
Which is Bigger? Kazakhstan
67%
Which is Bigger? Thailand
67%
Which is Bigger? The Netherlands
67%
Which is Bigger? Turkey
67%
Which is Bigger? Iceland
57%
Which is Bigger? South Africa
57%
Which is Bigger? Uganda
52%
Which is Bigger? Costa Rica
43%
Which is Bigger? Somalia
43%
Which is Bigger? Venezuela
38%
No matching quizzes found
Score Distribution
Percent of People with Each Score
Percentile by Number Answered
Your Score History
You have not taken this quiz